000 00482nam a2200193Ia 4500
005 20250923150219.0
008 008 250917s9999 xx 000 0 eng d
037 _aTextual
040 _aDSWL
_beng
_cDSWL
041 _aeng
_2eng
084 _qDSWL
100 _aCree, Ve
_9843458
245 0 _aSocial Work
_cby Ve Cree
260 _aNew York
_b Routledge
_c2007
300 _a164 p.
650 _a A Davies
_9843459
942 _cTEXL
999 _c1460870
_d1460870